| 000 | 00598cam a22001697a 4500 | ||
|---|---|---|---|
| 008 | 180718b1983 xxu||||| |||| 00| 0 eng d | ||
| 082 | _aT25x42 W584 | ||
| 100 | _aWhite, Michael | ||
| 245 |
_aUnder Japanese management: the experience of British workers _cby Michael White and Malcolm Trevor |
||
| 260 |
_aLondon _bHeinemann _c1983 |
||
| 300 | _a162p. | ||
| 650 | _aPersonnel management --Great Britain | ||
| 650 | _aComparative management | ||
| 650 | _aIndustrial relations --Great Britain | ||
| 650 | _aCorporations, Japanese --Great Britain --Personnel management | ||
| 700 | _aTrevor, Malcom | ||
| 999 |
_c356360 _d356360 |
||